[Event "Smith-Morra Practice"]
[Site "SchemingMind.com"]
[Date "2010.10.01"]
[Round "-"]
[White "mpcsmits"]
[Black "Louis Lima"]
[Result "0-1"]
[WhiteCountry "NED"]
[BlackCountry "ESP"]
[WhiteElo "1456"]
[WhiteRD "87"]
[BlackElo "1911"]
[BlackRD "68"]
[GameID "261932"]

1. e4 c5 2. d4 cxd4 3. Nf3 d6 4. Nxd4 Nf6 5. Nc3 e6 6. Bg5 Be7 7. Qd2 a6 8. O-O-O b5 9. Kb1 Bb7 10. f3 Nbd7
11. Nb3 O-O 12. g4 b4 13. Bxf6 Nxf6
0-1

[Event "Smith-Morra Practice"]
[Site "SchemingMind.com"]
[Date "2010.09.30"]
[Round "-"]
[White "Louis Lima"]
[Black "mpcsmits"]
[Result "1-0"]
[WhiteCountry "ESP"]
[BlackCountry "NED"]
[WhiteElo "1911"]
[WhiteRD "68"]
[BlackElo "1456"]
[BlackRD "87"]
[GameID "261933"]

1. e4 c5 2. d4 cxd4 3. c3 dxc3 4. Nxc3 e6 5. Nf3 Nc6 6. Bc4 Nf6 7. O-O Qc7 8. Nb5 Qb8 9. e5 a6 10. exf6 axb5
11. fxg7 Bxg7 12. Bxb5 Ra5 13. a4 b6 14. Bd2
1-0

[Event "Smith-Morra Practice"]
[Site "SchemingMind.com"]
[Date "2010.10.02"]
[Round "-"]
[White "jtrochez1"]
[Black "Louis Lima"]
[Result "1/2-1/2"]
[WhiteCountry "HON"]
[BlackCountry "ESP"]
[WhiteElo "1581"]
[WhiteRD "48"]
[BlackElo "1911"]
[BlackRD "68"]
[GameID "262030"]

1. e4 c5 2. d4 cxd4 3. Qxd4 Nc6 4. Qd1 Nf6 5. Bd3 e5 6. a3 d5 7. exd5 Nxd5 8. Nf3 Be7 9. O-O O-O 10. Re1 Qc7
11. c4 Nf4 12. Bf1 Bg4 13. Nbd2 Rad8 14. Qb3 Rfe8 15. Qc2 Rd7 16. b4 Bf6 17. Ra2 Red8 18. c5 Nd3 19. Bxd3 Rxd3 20. Ne4 Be7=
1/2-1/2

[Event "Smith-Morra Practice"]
[Site "SchemingMind.com"]
[Date "2010.10.02"]
[Round "-"]
[White "jtrochez1"]
[Black "mpcsmits"]
[Result "1-0"]
[WhiteCountry "HON"]
[BlackCountry "NED"]
[WhiteElo "1581"]
[WhiteRD "48"]
[BlackElo "1456"]
[BlackRD "87"]
[GameID "262031"]

1. e4 c5 2. d4 cxd4 3. Qxd4 Nc6 4. Qd1 Nf6 5. Nc3 e6 6. a3 Be7 7. Nf3 d6 8. Bd3 O-O 9. Be3 Ng4 10. Qe2 Nxe3
11. Qxe3 Ne5 12. Nxe5 dxe5 13. O-O Bd7 14. b4 Rc8 15. Ne2
1-0

[Event "Smith-Morra Practice"]
[Site "SchemingMind.com"]
[Date "2010.10.02"]
[Round "-"]
[White "Louis Lima"]
[Black "jtrochez1"]
[Result "1-0"]
[WhiteCountry "ESP"]
[BlackCountry "HON"]
[WhiteElo "1990"]
[WhiteRD "91"]
[BlackElo "1516"]
[BlackRD "53"]
[GameID "262032"]

1. e4 c5 2. d4 cxd4 3. c3 dxc3 4. Nxc3 e5 5. Nf3 Nc6 6. Bc4 h6 7. Qb3 Nf6 8. Bxf7+ Ke7 9. Bg6 d5 10. exd5 Nd4
11. Nxd4 exd4 12. O-O
1-0

[Event "Smith-Morra Practice"]
[Site "SchemingMind.com"]
[Date "2010.10.05"]
[Round "-"]
[White "mpcsmits"]
[Black "jtrochez1"]
[Result "0-1"]
[WhiteCountry "NED"]
[BlackCountry "HON"]
[WhiteElo "1456"]
[WhiteRD "87"]
[BlackElo "1581"]
[BlackRD "48"]
[GameID "262033"]

1. e4 c5 2. d4 cxd4 3. Nf3 Nc6 4. Nxd4 Nxd4 5. Qxd4 b6 6. Qd5 Rb8 7. Bf4 Bb7 8. Qd2 Rc8 9. Nc3 Nf6 10. f3 h6
11. O-O-O Bc6 12. Ba6 Ra8 13. Nd5 Nxd5 14. exd5 Bb5
0-1

[Event "Smith-Morra Practice"]
[Site "SchemingMind.com"]
[Date "2010.10.09"]
[Round "-"]
[White "drako"]
[Black "jtrochez1"]
[Result "1-0"]
[WhiteCountry "LAT"]
[BlackCountry "HON"]
[WhiteElo "1974"]
[WhiteRD "113"]
[BlackElo "1548"]
[BlackRD "51"]
[GameID "262406"]

1. e4 c5 2. d4 cxd4 3. c3 dxc3 4. Bc4 e5 5. Nf3 c2 6. Qxc2 d6 7. O-O h6 8. Rd1 Bd7 9. Qb3 Qf6 10. Qxb7 Bc6
11. Qc8+ Ke7 12. Nc3 g5 13. b3 Nd7 14. Qxc6 Nb6 15. Qc7+ Nd7 16. Nd5+
1-0

[Event "Smith-Morra Practice"]
[Site "SchemingMind.com"]
[Date "2010.10.09"]
[Round "-"]
[White "drako"]
[Black "Louis Lima"]
[Result "1-0"]
[WhiteCountry "LAT"]
[BlackCountry "ESP"]
[WhiteElo "2082"]
[WhiteRD "93"]
[BlackElo "1911"]
[BlackRD "68"]
[GameID "262407"]

1. e4 c5 2. d4 cxd4 3. c3 g6 4. cxd4 d5 5. e5 Bg7 6. Bd3 Nc6 7. Be3 Nh6 8. Nc3 O-O 9. Nge2 Nf5 10. O-O f6
11. exf6 exf6= 12. Rc1
1-0

[Event "Smith-Morra Practice"]
[Site "SchemingMind.com"]
[Date "2010.10.09"]
[Round "-"]
[White "drako"]
[Black "mpcsmits"]
[Result "1-0"]
[WhiteCountry "LAT"]
[BlackCountry "NED"]
[WhiteElo "2082"]
[WhiteRD "93"]
[BlackElo "1456"]
[BlackRD "87"]
[GameID "262408"]

1. e4 c5 2. d4 cxd4 3. c3 dxc3 4. Bc4 Nc6 5. Nf3 e6 6. O-O a6 7. a4 cxb2 8. Bxb2 b6 9. Qe2 Bb7 10. Rd1 Na5
11. Ba2 Nf6 12. Nc3
1-0

[Event "Smith-Morra Practice"]
[Site "SchemingMind.com"]
[Date "2010.10.04"]
[Round "-"]
[White "jtrochez1"]
[Black "drako"]
[Result "0-1"]
[WhiteCountry "HON"]
[BlackCountry "LAT"]
[WhiteElo "1581"]
[WhiteRD "48"]
[BlackElo "2082"]
[BlackRD "93"]
[GameID "262409"]

1. e4 c5 2. d4 cxd4 3. Nf3 Nf6 4. Bd3 Nc6 5. a3 e5 6. Nc3 dxc3 7. bxc3 Bc5 8. h3 O-O 9. Qe2 d5 10. Bg5 dxe4
11. Bxe4 Nxe4 12. Qxe4 Qa5 13. Bd2 Rd8 14. O-O Bf8 15. Be1 Qd5 16. Qxd5 Rxd5 17. Nd2 Bf5 18. c4 Rd4 19. c3 Rd7 20. Kh1 Rad8
21. Ra2 Na5 22. Ra1 Bd3 23. Rg1 Nxc4 24. Nxc4 Bxc4 25. g3 Rd1 26. Rxd1 Rxd1 27. a4 Bc5 28. h4 a5 29. Kg2 b5 30. axb5 a4
31. Rh1 a3 32. f3 a2
0-1

[Event "Smith-Morra Practice"]
[Site "SchemingMind.com"]
[Date "2010.10.04"]
[Round "-"]
[White "Louis Lima"]
[Black "drako"]
[Result "0-1"]
[WhiteCountry "ESP"]
[BlackCountry "LAT"]
[WhiteElo "1911"]
[WhiteRD "68"]
[BlackElo "2082"]
[BlackRD "93"]
[GameID "262410"]

1. e4 c5 2. d4 cxd4 3. c3 d3 4. Bxd3 Nc6 5. Nf3 e5 6. Bc4 h6 7. O-O Nf6 8. Qe2 d6 9. Rd1 Qc7 10. Bb3 Be7
11. Nbd2 O-O 12. Nf1 Be6 13. Bxe6= fxe6
0-1

[Event "Smith-Morra Practice"]
[Site "SchemingMind.com"]
[Date "2010.10.05"]
[Round "-"]
[White "mpcsmits"]
[Black "drako"]
[Result "0-1"]
[WhiteCountry "NED"]
[BlackCountry "LAT"]
[WhiteElo "1456"]
[WhiteRD "87"]
[BlackElo "2082"]
[BlackRD "93"]
[GameID "262411"]

1. e4 c5 2. d4 cxd4 3. Nf3 Nf6 4. Nxd4 Nxe4 5. Bd3 Nc5 6. Nc3 Nxd3+ 7. Qxd3 Nc6 8. Bf4 d6 9. O-O-O Nxd4 10. Qxd4 Be6
11. Rhe1 Qa5 12. Qe4 O-O-O 13. Be3 Kb8
0-1

[Event "Smith-Morra Practice"]
[Site "SchemingMind.com"]
[Date "2010.10.11"]
[Round "-"]
[White "memet"]
[Black "jtrochez1"]
[Result "1-0"]
[WhiteCountry "TUR"]
[BlackCountry "HON"]
[WhiteElo "1687"]
[WhiteRD "74"]
[BlackElo "1557"]
[BlackRD "49"]
[GameID "262605"]

1. e4 c5 2. d4 cxd4 3. Nf3 Nc6 4. Bc4 h6 5. O-O e5 6. Re1 d6 7. b3 Be7 8. c3 Bf6 9. Bb2 Bg4 10. h3 Bh5
11. Nbd2 Nge7 12. cxd4 exd4 13. Qc2 O-O 14. Bd3 Bg6 15. Nf1 Nb4 16. Qb1 Nxd3 17. Qxd3 Nc6 18. Nxd4 Nxd4 19. Bxd4 Re8 20. Ng3 Rc8
21. Bxf6 Qxf6 22. Rad1 Rcd8 23. f3 d5 24. Qb5 Qc6 25. Qxc6 bxc6 26. Rc1 Rc8 27. Kf2 Kf8 28. Re3 d4 29. Ree1 c5 30. Rc4 Re7
31. Rec1 Rec7 32. Ne2 d3 33. Nf4 d2 34. Nxg6+ fxg6 35. Rd1 Rd7 36. Ke3 Rcd8 37. Rxc5 g5 38. Rc2 Rd3+ 39. Ke2 h5 40. Rcxd2 Rxd2+
41. Rxd2 Ke7 42. Rxd8 Kxd8 43. Kd3 Kd7 44. Kc4 h4 45. Kd5 a6 46. Ke5
1-0

[Event "Smith-Morra Practice"]
[Site "SchemingMind.com"]
[Date "2010.10.11"]
[Round "-"]
[White "memet"]
[Black "drako"]
[Result "0-1"]
[WhiteCountry "TUR"]
[BlackCountry "LAT"]
[WhiteElo "1631"]
[WhiteRD "73"]
[BlackElo "2082"]
[BlackRD "93"]
[GameID "262606"]

1. e4 c5 2. d4 cxd4 3. Bc4 e6 4. Nf3 Bc5 5. b4 Bxb4+ 6. Bd2 Bc5 7. O-O Nc6 8. Bg5 Nge7 9. c3 d5 10. exd5 exd5
11. cxd4 Nxd4 12. Nxd4 dxc4 13. Nf3 Qxd1 14. Rxd1 h6 15. Bh4 Be6 16. Nc3 Nf5 17. Ne4 Ba3 18. h3 Bb2 19. Rab1 c3 20. Nc5 Nxh4
21. Nxh4 c2
0-1

[Event "Smith-Morra Practice"]
[Site "SchemingMind.com"]
[Date "2010.10.07"]
[Round "-"]
[White "memet"]
[Black "Louis Lima"]
[Result "1-0"]
[WhiteCountry "TUR"]
[BlackCountry "ESP"]
[WhiteElo "1687"]
[WhiteRD "74"]
[BlackElo "1785"]
[BlackRD "72"]
[GameID "262607"]

1. e4 c5 2. d4 cxd4 3. Nf3 d6 4. Bb5+ Bd7 5. Na3 Bxb5 6. Nxb5 Qa5+ 7. c3 Qxb5 8. Nxd4 Qa6 9. Qe2 Qxe2+ 10. Nxe2 Nc6
11. Be3 Nf6 12. Ng3 g6 13. O-O Bg7 14. f4 O-O 15. Rae1 Nd7 16. f5 Nde5 17. h4 Nc4 18. Bg5 Be5 19. Rf3 Bxg3 20. Rxg3 Kg7
21. h5 h6 22. Bc1 g5 23. b3 N4e5 24. c4 f6 25. Rd1 Rfd8 26. a3 a6 27. Rc3 Rac8 28. Bb2
1-0

[Event "Smith-Morra Practice"]
[Site "SchemingMind.com"]
[Date "2010.10.11"]
[Round "-"]
[White "memet"]
[Black "mpcsmits"]
[Result "1-0"]
[WhiteCountry "TUR"]
[BlackCountry "NED"]
[WhiteElo "1631"]
[WhiteRD "73"]
[BlackElo "1456"]
[BlackRD "87"]
[GameID "262608"]

1. e4 c5 2. d4 cxd4 3. Nf3 e5 4. Bc4 Qc7 5. b3 Nf6 6. Ng5 h6 7. Nxf7 Rh7 8. Ba3 b5 9. Bxb5 Qa5+ 10. Nd2 Bxa3
11. Bc4 d6 12. O-O Bg4 13. f3
1-0

[Event "Smith-Morra Practice"]
[Site "SchemingMind.com"]
[Date "2010.10.11"]
[Round "-"]
[White "jtrochez1"]
[Black "memet"]
[Result "1-0"]
[WhiteCountry "HON"]
[BlackCountry "TUR"]
[WhiteElo "1572"]
[WhiteRD "51"]
[BlackElo "1610"]
[BlackRD "75"]
[GameID "262609"]

1. e4 c5 2. d4 cxd4 3. Qxd4 Nc6 4. Qd1 e5 5. Nf3 Nf6 6. Bd3 Bc5 7. h3 O-O 8. Bg5 Nb4 9. O-O h6 10. Bh4 Nc6
11. Nbd2 d5 12. exd5 Nb4 13. Bc4 Bf5 14. Bb3 Be7 15. Bxf6 Bxf6 16. c3 Nxd5 17. Nc4 e4 18. Nd4 Qc8 19. Nd6 Qd7 20. N6xf5 g6
21. Nxh6+ Kg7 22. Ng4 Be7 23. Bxd5 Qxd5 24. Ne3 Qa5 25. b4 Qd8 26. Qg4 f5 27. Nexf5+ Rxf5 28. Nxf5+ Kf6 29. Nxe7 Qxe7 30. Qh4+ g5
31. Qh6+ Kf5 32. f4 gxf4 33. Rxf4+ Ke5 34. Rxe4+
1-0

[Event "Smith-Morra Practice"]
[Site "SchemingMind.com"]
[Date "2010.10.11"]
[Round "-"]
[White "drako"]
[Black "memet"]
[Result "1-0"]
[WhiteCountry "LAT"]
[BlackCountry "TUR"]
[WhiteElo "1974"]
[WhiteRD "113"]
[BlackElo "1585"]
[BlackRD "74"]
[GameID "262610"]

1. e4 c5 2. d4 cxd4 3. c3 e5 4. Nf3 Nc6 5. Bc4 Nf6 6. O-O h6 7. cxd4 d5 8. exd5 Na5 9. dxe5 Nxc4 10. exf6 Qxf6
11. Qa4+
1-0

[Event "Smith-Morra Practice"]
[Site "SchemingMind.com"]
[Date "2010.10.11"]
[Round "-"]
[White "Louis Lima"]
[Black "memet"]
[Result "0-1"]
[WhiteCountry "ESP"]
[BlackCountry "TUR"]
[WhiteElo "1785"]
[WhiteRD "72"]
[BlackElo "1687"]
[BlackRD "74"]
[GameID "262611"]

1. e4 c5 2. d4 cxd4 3. c3 e5 4. Nf3 Nc6 5. Bc4 Nf6 6. Ng5 d5 7. exd5 Na5 8. Bb5+ Bd7 9. Qa4 Bc5 10. Bxd7+ Nxd7
11. b4 Be7 12. bxa5 Bxg5 13. Bxg5 Qxg5 14. O-O d3 15. c4 Qd8
0-1

[Event "Smith-Morra Practice"]
[Site "SchemingMind.com"]
[Date "2010.10.11"]
[Round "-"]
[White "mpcsmits"]
[Black "memet"]
[Result "0-1"]
[WhiteCountry "NED"]
[BlackCountry "TUR"]
[WhiteElo "1456"]
[WhiteRD "87"]
[BlackElo "1631"]
[BlackRD "73"]
[GameID "262612"]

1. e4 c5 2. d4 cxd4 3. Nf3 Nc6 4. Nxd4 Nxd4 5. Qxd4 Qa5+ 6. Bd2 Qc7 7. Nc3 e5 8. Nb5 Qxc2 9. Qxe5+ Kd8 10. Rc1 Qa4
11. b3 Qxa2
0-1

[Event "Smith-Morra Practice"]
[Site "SchemingMind.com"]
[Date "2010.10.07"]
[Round "-"]
[White "tiggeronvrb"]
[Black "jtrochez1"]
[Result "1-0"]
[WhiteCountry "SCO"]
[BlackCountry "HON"]
[WhiteElo "1769"]
[WhiteRD "70"]
[BlackElo "1548"]
[BlackRD "51"]
[GameID "262682"]

1. e4 c5 2. d4 cxd4 3. c3 dxc3 4. Nxc3 Nc6 5. Bc4 e6 6. Nf3 h6 7. O-O a6 8. Qe2 Bc5 9. Bf4 d6 10. Rfd1 Qe7
11. Rac1 Qc7 12. a3 Bd7 13. Ba2 Nge7 14. b4 Ba7 15. Nd5 Qb8 16. Nxe7 e5 17. Nxc6 Bxc6 18. Be3 Bxe3 19. Qxe3 O-O 20. Nh4 Bd7
21. Rd3 Bc6 22. Nf5 Rd8 23. Qg3 g6 24. Qxg6+
1-0

[Event "Smith-Morra Practice"]
[Site "SchemingMind.com"]
[Date "2010.10.10"]
[Round "-"]
[White "tiggeronvrb"]
[Black "drako"]
[Result "0-1"]
[WhiteCountry "SCO"]
[BlackCountry "LAT"]
[WhiteElo "1769"]
[WhiteRD "70"]
[BlackElo "1974"]
[BlackRD "113"]
[GameID "262683"]

1. e4 c5 2. d4 cxd4 3. c3 d3 4. Bxd3 Nc6 5. Nf3 d6 6. O-O Nf6 7. Qe2 e5 8. Bg5 Be7 9. Rd1 O-O 10. Nbd2 h6
11. Bh4 Nh5 12. Bxe7 Qxe7 13. h3 Nf4 14. Qf1 Be6 15. Bc2 Rad8 16. Kh2 f5 17. g3 fxe4 18. Nxe4 Nxh3 19. Qd3 d5 20. Rd2 dxe4
21. Qxe4 Qf6
0-1

[Event "Smith-Morra Practice"]
[Site "SchemingMind.com"]
[Date "2010.10.07"]
[Round "-"]
[White "tiggeronvrb"]
[Black "Louis Lima"]
[Result "1/2-1/2"]
[WhiteCountry "SCO"]
[BlackCountry "ESP"]
[WhiteElo "1847"]
[WhiteRD "69"]
[BlackElo "1911"]
[BlackRD "68"]
[GameID "262684"]

1. e4 c5 2. d4 cxd4 3. c3 g6 4. Nf3 Bg7 5. Bc4 d3 6. Qxd3 Nf6 7. O-O O-O 8. Bg5 d6 9. Nbd2 Nc6 10. Bb3 Bd7
11. Rad1 Qc7 12. Rfe1 Rad8 13. Nf1 Na5 14. Bc2 Nc4 15. Rb1 d5 16. e5 Ng4 17. Bf4 Bf5 18. Qd1 Qb6 19. Ne3 Ngxe3=
1/2-1/2

[Event "Smith-Morra Practice"]
[Site "SchemingMind.com"]
[Date "2010.10.11"]
[Round "-"]
[White "tiggeronvrb"]
[Black "memet"]
[Result "1-0"]
[WhiteCountry "SCO"]
[BlackCountry "TUR"]
[WhiteElo "1847"]
[WhiteRD "69"]
[BlackElo "1631"]
[BlackRD "73"]
[GameID "262685"]

1. e4 c5 2. d4 cxd4 3. c3 e5 4. Nf3 Nc6 5. Bc4 Nf6 6. Qe2 Na5 7. Nxe5 Bc5 8. Bxf7+ Ke7 9. b4 d6 10. bxa5 dxe5
11. Bb3 Rf8 12. Ba3 d3 13. Bxc5+ Ke8 14. Qe3 Rh8 15. O-O Qc7 16. Bb4 Ng4 17. Qxd3 Bd7 18. Qd6 Qxd6 19. Bxd6 Nf6 20. f3 Bb5
21. c4 Bc6 22. Bxe5 Kf7 23. Nc3 Nd7 24. c5+
1-0

[Event "Smith-Morra Practice"]
[Site "SchemingMind.com"]
[Date "2010.10.07"]
[Round "-"]
[White "tiggeronvrb"]
[Black "mpcsmits"]
[Result "1-0"]
[WhiteCountry "SCO"]
[BlackCountry "NED"]
[WhiteElo "1847"]
[WhiteRD "69"]
[BlackElo "1456"]
[BlackRD "87"]
[GameID "262686"]

1. e4 c5 2. d4 cxd4 3. c3 dxc3 4. Nxc3 e6 5. Nf3 Nc6 6. Bc4 Nf6 7. Qe2 Ng4 8. e5 d5 9. Bb3 d4 10. Nb5 a6
11. Na3 Ngxe5 12. Nxe5 Qa5+ 13. Bd2 Qxe5 14. Qxe5 Nxe5 15. O-O Bd7 16. Nc2 Bc5 17. Rfe1 Nd3 18. Reb1 O-O 19. Ne1 Nxe1 20. Rxe1
1-0

[Event "Smith-Morra Practice"]
[Site "SchemingMind.com"]
[Date "2010.10.07"]
[Round "-"]
[White "jtrochez1"]
[Black "tiggeronvrb"]
[Result "0-1"]
[WhiteCountry "HON"]
[BlackCountry "SCO"]
[WhiteElo "1548"]
[WhiteRD "51"]
[BlackElo "1769"]
[BlackRD "70"]
[GameID "262687"]

1. e4 c5 2. d4 cxd4 3. Qxd4 Nc6 4. Qd1 e5 5. Be3 Nf6 6. Nd2 Bb4 7. c3 Ba5 8. Bd3 d6 9. h3 O-O 10. Nc4 Bc7
11. b4 Be6 12. Qc2 a6 13. Bg5 Rc8 14. a4 h6 15. Bh4 Kh8 16. Nf3 Qe7 17. a5 Na7 18. Na3 Bd8 19. Qd2 Qc7 20. Rc1 Nc6
21. O-O Nh5 22. Bxd8 Rcxd8 23. Qe2 Nf4 24. Qc2 Qd7 25. Ne1 Ne7 26. Kh2 f5 27. Rh1 Rf6 28. Bf1 fxe4 29. Qxe4 Rg6 30. Nc4 Bd5
31. Qe3 Nf5 32. Qd2 Nh4 33. Nb6 Qe6 34. Nxd5 Nxd5 35. Bc4 Rxg2+ 36. Nxg2 Nf3+
0-1

[Event "Smith-Morra Practice"]
[Site "SchemingMind.com"]
[Date "2010.10.10"]
[Round "-"]
[White "drako"]
[Black "tiggeronvrb"]
[Result "1-0"]
[WhiteCountry "LAT"]
[BlackCountry "SCO"]
[WhiteElo "1974"]
[WhiteRD "113"]
[BlackElo "1769"]
[BlackRD "70"]
[GameID "262688"]

1. e4 c5 2. d4 cxd4 3. c3 dxc3 4. Bc4 Nc6 5. Nf3 d6 6. O-O g6 7. Nxc3 Bg7 8. Qb3 e6 9. Bg5 Nge7 10. Qa3 Qc7
11. Nb5 Qb8 12. Nxd6+ Kf8 13. Bxe7+ Nxe7 14. Rad1 b6 15. Ng5
1-0

[Event "Smith-Morra Practice"]
[Site "SchemingMind.com"]
[Date "2010.10.07"]
[Round "-"]
[White "Louis Lima"]
[Black "tiggeronvrb"]
[Result "1-0"]
[WhiteCountry "ESP"]
[BlackCountry "SCO"]
[WhiteElo "1990"]
[WhiteRD "91"]
[BlackElo "1788"]
[BlackRD "73"]
[GameID "262689"]

1. e4 c5 2. d4 cxd4 3. c3 dxc3 4. Nxc3 Nc6 5. Nf3 e6 6. Bc4 Bc5 7. O-O d6 8. Qe2 Nge7 9. Rd1 O-O 10. a3 a6
11. b4 Ba7 12. Bf4 e5 13. Nxe5 Nxe5 14. Bxe5 Bb8 15. Bxd6 Bxd6 16. e5 Qe8 17. exd6 Nc6 18. Qxe8
1-0

[Event "Smith-Morra Practice"]
[Site "SchemingMind.com"]
[Date "2010.10.11"]
[Round "-"]
[White "memet"]
[Black "tiggeronvrb"]
[Result "0-1"]
[WhiteCountry "TUR"]
[BlackCountry "SCO"]
[WhiteElo "1585"]
[WhiteRD "74"]
[BlackElo "1769"]
[BlackRD "70"]
[GameID "262690"]

1. e4 c5 2. d4 cxd4 3. Nf3 Nc6 4. Bb5 Qa5+ 5. Nc3 dxc3 6. Bxc6 dxc6 7. O-O Bg4 8. h3 Bh5 9. Qd3 Nf6 10. bxc3 Rd8
11. Bb2 Rxd3 12. cxd3 Bxf3 13. gxf3 e6 14. Kh2 Bd6+ 15. Kh1 Nh5 16. c4 Nf4 17. Bxg7 Qh5
0-1

[Event "Smith-Morra Practice"]
[Site "SchemingMind.com"]
[Date "2010.10.07"]
[Round "-"]
[White "mpcsmits"]
[Black "tiggeronvrb"]
[Result "1-0"]
[WhiteCountry "NED"]
[BlackCountry "SCO"]
[WhiteElo "1915"]
[WhiteRD "119"]
[BlackElo "1788"]
[BlackRD "73"]
[GameID "262691"]

1. e4 c5 2. d4 cxd4 3. Nf3 Nc6 4. Nxd4 e5 5. Nf3 Nf6 6. Bg5 Bc5 7. Bxf6 Qxf6 8. Be2 O-O 9. O-O d6 10. Nc3 Bg4
11. Nd5 Qg6 12. Nh4 Bxe2 13. Nxg6 Bxd1 14. Nde7+ Nxe7 15. Nxe7+ Kh8 16. Raxd1 Rae8 17. Nd5 f5 18. b4
1-0

[Event "Smith-Morra Practice"]
[Site "SchemingMind.com"]
[Date "2010.10.09"]
[Round "-"]
[White "rampichino"]
[Black "tiggeronvrb"]
[Result "0-1"]
[WhiteCountry "ITA"]
[BlackCountry "SCO"]
[WhiteElo "1315"]
[WhiteRD "67"]
[BlackElo "1769"]
[BlackRD "70"]
[GameID "262979"]

1. e4 c5 2. d4 cxd4 3. c3 dxc3 4. Nxc3 Nc6 5. Nf3 d6 6. Bc4 e6 7. O-O Nf6 8. Qe2 Be7 9. Rd1 e5 10. Be3 Bg4
0-1

[Event "Smith-Morra Practice"]
[Site "SchemingMind.com"]
[Date "2010.10.08"]
[Round "-"]
[White "capablanca"]
[Black "jtrochez1"]
[Result "1-0"]
[WhiteCountry "GER"]
[BlackCountry "HON"]
[WhiteElo "1643"]
[WhiteRD "52"]
[BlackElo "1548"]
[BlackRD "51"]
[GameID "263003"]

1. e4 c5 2. d4 cxd4 3. c3 dxc3 4. Nxc3 Nc6 5. Bc4 e6 6. Nf3 h6 7. O-O d6 8. Bf4 e5 9. Be3 Be6 10. Nd5 Nge7
11. Qc2 Rc8 12. Qd2 Ng6 13. Rfc1 Be7 14. Nxe7 Qxe7 15. a3 Bxc4 16. Rxc4 O-O 17. Rac1 a6 18. Bb6 Nf4 19. Ne1 Qg5 20. Qe3 Qe7
21. Qf3 Qg5 22. Be3 Qf6 23. Bxf4 exf4 24. Nd3 Ne5 25. Nxe5 Rxc4 26. Nxc4 b5 27. Nb6 Qxb2 28. Rd1 a5 29. Rxd6 b4 30. axb4 Qxb4
31. Qd1 Qxe4 32. Rd4 Qf5 33. Rd5 Qe6 34. Na4 Rc8 35. Rxa5 Qc6 36. Rc5 Qe8 37. Rxc8 Qxc8 38. Nb6 Qc7 39. Nd5 Qd6 40. Qf3 Kf8
41. Nxf4 Ke8 42. Qa8+ Qd8 43. Qxd8+ Kxd8 44. Kf1 g6 45. Ke2 Ke7 46. Ke3 Kf6 47. Ke4 h5 48. h4 Ke7 49. Ke5 f6+ 50. Kd5 Kf7
51. Kd6 g5 52. Nxh5 gxh4 53. Nf4 Kg7 54. Ke6
1-0

[Event "Smith-Morra Practice"]
[Site "SchemingMind.com"]
[Date "2010.10.10"]
[Round "-"]
[White "capablanca"]
[Black "drako"]
[Result "0-1"]
[WhiteCountry "GER"]
[BlackCountry "LAT"]
[WhiteElo "1643"]
[WhiteRD "52"]
[BlackElo "1974"]
[BlackRD "113"]
[GameID "263004"]

1. e4 c5 2. d4 cxd4 3. c3 d3 4. Bxd3 Nc6 5. Nf3 d6 6. O-O Nf6 7. h3 e5 8. Be3 Be7 9. Nbd2 O-O 10. a3 h6
11. c4 a5 12. Nb1 Be6 13. Nbd2 Qc7 14. b3 Rfc8 15. Ne1 Nd7 16. Qh5 Nd4 17. Bxd4 exd4 18. Qd1 Bf6 19. Nc2 a4 20. Nf3 axb3
21. Ncxd4 Qb6 22. Nxb3 Bxa1
0-1

[Event "Smith-Morra Practice"]
[Site "SchemingMind.com"]
[Date "2010.10.08"]
[Round "-"]
[White "capablanca"]
[Black "Louis Lima"]
[Result "0-1"]
[WhiteCountry "GER"]
[BlackCountry "ESP"]
[WhiteElo "1643"]
[WhiteRD "52"]
[BlackElo "2067"]
[BlackRD "81"]
[GameID "263005"]

1. e4 c5 2. d4 cxd4 3. c3 g6 4. cxd4 d5 5. exd5 Nf6 6. Bb5+ Nbd7 7. Nc3 Bg7 8. Nf3 O-O 9. O-O Nb6 10. Bf4 Nbxd5
11. Nxd5 Qxd5 12. Be2 Qe4 13. Be5 Bd7 14. Ng5 Qf5 15. Nf3 Bc6 16. Bd3 Qg4 17. Be2 Nh5 18. d5 Rad8 19. Bxg7 Nf4 20. g3 Rxd5
0-1

[Event "Smith-Morra Practice"]
[Site "SchemingMind.com"]
[Date "2010.10.08"]
[Round "-"]
[White "capablanca"]
[Black "rampichino"]
[Result "1-0"]
[WhiteCountry "GER"]
[BlackCountry "ITA"]
[WhiteElo "1643"]
[WhiteRD "52"]
[BlackElo "1315"]
[BlackRD "67"]
[GameID "263007"]

1. e4 c5 2. d4 cxd4 3. c3 dxc3 4. Nxc3 Nc6 5. Nf3 e6 6. Bf4 d6 7. Bb5 e5 8. Bg5 f6 9. Be3 Bg4 10. Be2 Nge7
11. h3
1-0

[Event "Smith-Morra Practice"]
[Site "SchemingMind.com"]
[Date "2010.10.09"]
[Round "-"]
[White "capablanca"]
[Black "tiggeronvrb"]
[Result "1-0"]
[WhiteCountry "GER"]
[BlackCountry "SCO"]
[WhiteElo "1655"]
[WhiteRD "54"]
[BlackElo "1788"]
[BlackRD "73"]
[GameID "263008"]

1. e4 c5 2. d4 cxd4 3. c3 dxc3 4. Nxc3 Nc6 5. Nf3 e6 6. Bc4 d6 7. O-O Nf6 8. Bg5 Be7 9. Qa4 O-O 10. Rad1 Ng4
11. Bxe7 Qxe7 12. Nb5 Rd8 13. h3 Nf6 14. Rfe1 a6 15. Nc3 Bd7 16. Qc2 Rac8 17. Qe2 e5 18. Nd5 Nxd5 19. Bxd5 Be6 20. a3 h6
21. b4 Kh8 22. Bxe6 Qxe6 23. Rd5 f5 24. Qd2 Ne7 25. Rd3 fxe4 26. Rxe4 Ng6 27. Re1 Nf4 28. Qxf4
1-0

[Event "Smith-Morra Practice"]
[Site "SchemingMind.com"]
[Date "2010.10.13"]
[Round "-"]
[White "capablanca"]
[Black "memet"]
[Result "0-1"]
[WhiteCountry "GER"]
[BlackCountry "TUR"]
[WhiteElo "1638"]
[WhiteRD "56"]
[BlackElo "1631"]
[BlackRD "73"]
[GameID "263009"]

1. e4 c5 2. d4 cxd4 3. Qxd4 Nc6 4. Qd1 e5 5. Bc4 Nf6 6. Bg5 Be7 7. Nf3 d5 8. exd5 Na5 9. Bb5+ Bd7 10. Bxd7+ Qxd7
11. Nxe5 Qxd5 12. Qxd5 Nxd5 13. Bxe7 Kxe7 14. Nd2 Rhe8 15. O-O-O Nf4 16. Rhe1 Kf8 17. Nd7+ Kg8 18. Rxe8+ Rxe8 19. g3 Nh3 20. f4 Nf2
21. Rf1 Ng4 22. Nf3 Re2 23. Kd1 Re7 24. Nde5 Ne3+
0-1

[Event "Smith-Morra Practice"]
[Site "SchemingMind.com"]
[Date "2010.10.12"]
[Round "-"]
[White "capablanca"]
[Black "mpcsmits"]
[Result "0-1"]
[WhiteCountry "GER"]
[BlackCountry "NED"]
[WhiteElo "1655"]
[WhiteRD "54"]
[BlackElo "1915"]
[BlackRD "119"]
[GameID "263010"]

1. e4 c5 2. d4 cxd4 3. Nf3 e5 4. Bd2 Nc6 5. Bb5 Qb6 6. Bxc6 bxc6 7. b3 f6 8. O-O d5 9. exd5 cxd5 10. Bc1 Bd6
11. Ba3 Bxa3 12. Nxa3 Ne7 13. Nb1 Bd7 14. c3 Rc8 15. cxd4 e4 16. Ne1 Bb5
0-1